Yale University Majors Quiz Stats

 Plays Quiz not verified by Sporcle

Challenge
Share
Tweet
Embed
Score 0/69 Timer 06:00
0 Plays Today
% Correct
Biology
95.4%
Chemistry
93.1%
History
91.5%
English
89.7%
Physics
89.2%
French
88.2%
Spanish
85.1%
Mathematics
84.4%
German
80.3%
German Studies
80.3%
Political Science
79.5%
Art
78.7%
Psychology
77.7%
Economics
77.2%
Chinese
76.4%
African Studies
70.3%
Philosophy
70.3%
Japanese
69.7%
Engineering Sciences
68.5%
Sociology
64.4%
American Studies
64.1%
Music
64.1%
Computer Science
62.6%
Italian
61.8%
Russian
61.5%
History of Art
60.3%
Theater Studies
59%
Literature
56.9%
Classics
55.1%
Women's, Gender and Sexuality Studies
54.4%
Architecture
53.8%
Chemical Engineering
52.8%
Religious Studies
50%
Environmental Studies
48.7%
African American Studies
46.9%
% Correct
Astronomy
46.2%
Mechanical Engineering
46.2%
Geology and Geophysics
45.6%
Electrical Engineering
45.1%
45.1%
Greek
44.4%
Linguistics
43.8%
Portuguese
43.1%
East Asian Studies
42.8%
Biomedical Engineering
40%
Cognitive Science
39%
International Studies
39%
Modern Middle East Studies
37.7%
Statistics
35.1%
Archaeological Studies
34.1%
Applied Mathematics
33.6%
Latin American Studies
32.8%
Judaic Studies
32.6%
Ethics, Politics and Economics
31%
Humanities
30.3%
Film Studies
29.7%
History of Science and Medicine
28.7%
South Asian Studies
22.8%
Economics and Mathematics
21%
Near Eastern Languages and Civilization
20.5%
Classical Civilization
17.2%
Environmental Engineering
16.9%
Ethnicity, Race and Migration
16.9%
Physics and Philosophy
15.9%
Computer Science and Mathematics
15.1%
Computing and the Arts
14.1%
Russian and East European Studies
11.8%
Computer Science and Psychology
11.5%
Astronomy and Physics
5.4%

You're not logged in!

Compare scores with friends on all Sporcle quizzes.
OR
Log In

You Might Also Like...

Show Comments

Extras

Created Feb 3, 2011ReportNominate
Tags:University Quiz, major, yale

Top Quizzes Today


Score Distribution

Your Account Isn't Verified!

In order to create a playlist on Sporcle, you need to verify the email address you used during registration. Go to your Sporcle Settings to finish the process.

Report this User

Report this user for behavior that violates our Community Guidelines.

Details: